Estadísticas para Países que tienen una frontera

Haz click aquí para tomar la prueba!

Estadísticas generales

  • Esta prueba ha sido tomada 2,461 veces
  • La puntuación promedio es 12 de 17

Estadísticas de respuestas

País % Correcto
Canadá
95%
Portugal
85%
Corea del Sur
82%
Lesoto
81%
Haití
79%
San Marino
78%
Ciudad del Vaticano
78%
Irlanda
77%
República Dominicana
77%
Dinamarca
70%
Reino Unido
66%
Mónaco
66%
Papua Nueva Guinea
64%
Catar
61%
Brunéi
58%
Timor Oriental
52%
Gambia
51%

Distribución de puntuación

Porcentaje por número respondido

Porcentaje de gente con cada puntuación

Historial de tus puntuaciones

No has tomado esta prueba